000 00790nam a2200253Ia 4500
003 OSt
005 20220928112515.0
006 a|||||r|||| 00| 0
007 ta
008 220927b |||||||| |||| 00| 0 eng d
020 _c450
024 _a125930
037 _b199, 17/12/2014, Classic Book Service
_cTextual
040 _aSDCL
_cSDCL
_beng
041 _2eng
_aeng
082 _a015:gx1,1, Q2
100 _aTripathi Radhavallabh Ed.
_9397585
245 0 _aNatyasastra and the indian dramatic tradition
260 _aNew Delhi
_bNational Mission for manuscripts
_c2012
300 _aix;324p
_ccm.
650 _aSanskrit
_9391587
942 _h015:gx1,1, Q2
_cTEXL
_2CC
999 _c745003
_d745003